| 000 | 00495nam a2200193Ia 4500 | ||
|---|---|---|---|
| 008 | 170918s9999 xx 000 0 und d | ||
| 020 | _a9780545098892 | ||
| 050 | _bN331lu 2008 | ||
| 100 | _aNayer, Judy | ||
| 245 | _aFirst day of school / | ||
| 245 | _cby Judy Nayer ; illustrated by Jason Wolff. | ||
| 260 | _aNew York : | ||
| 260 | _bScholastic, | ||
| 260 | _c2008 | ||
| 300 | _a48 pages : | ||
| 300 | _bsome color illustrations ; | ||
| 300 | _c19cm. | ||
| 300 | _eThe lunch bunch. | ||
| 999 |
_c344346 _d344346 |
||